书目信息 |
| 题名: |
AutoCAD 2007实用教程
|
|
| 作者: | 龙素丽 主编 | |
| 分册: | ||
| 出版信息: | 天津 天津大学出版社 2008.09 |
|
| 页数: | 165页 | |
| 开本: | 24cm | |
| 丛书名: | 卓越系列·21世纪高职高专精品规划教材 | |
| 单 册: | ||
| 中图分类: | TP391.72 | |
| 科图分类: | ||
| 主题词: | AutoCAD软件--AutoCAD ruan jian--高等教育--教材 | |
| 电子资源: | ||
| ISBN: | 978-7-5618-2782-6 | |
| 000 | 01137nam 2200277 450 | |
| 001 | 012009621591 | |
| 005 | 20090621152810.32 | |
| 010 | @a978-7-5618-2782-6@dCNY20.00 | |
| 100 | @a20090621d2008 em y0chiy0120 ea | |
| 101 | 0 | @achi |
| 102 | @aCN@b120000 | |
| 105 | @aa a 000yy | |
| 106 | @ar | |
| 200 | 1 | @aAutoCAD 2007实用教程@AAutoCAD 2007 shi yong jiao cheng@d= Practical course for AutoCAD 2007@f龙素丽主编@Flong su li zhu bian@zeng |
| 210 | @a天津@c天津大学出版社@d2008.09 | |
| 215 | @a165页@c图@d24cm | |
| 225 | 2 | @a卓越系列·21世纪高职高专精品规划教材@Azhuo yue xi lie·21 shi ji gao zhi gao zhuan jing pin gui hua jiao cai |
| 320 | @a有书目 | |
| 330 | @a本书采用大量与机械制图密切相关的实例,用通俗的语言介绍了AutoCAD 2007的绘图命令、编辑命令、尺寸标注、文字标注、块创建、块插入等命令的使用方法和技巧。 | |
| 410 | 0 | @12001 @a卓越系列·21世纪高职高专精品规划教材 |
| 510 | 1 | @aPractical course for AutoCAD 2007@zeng |
| 606 | 0 | @aAutoCAD软件@AAutoCAD ruan jian@x高等教育@j教材 |
| 690 | @aTP391.72@v4 | |
| 701 | 0 | @a龙素丽@Along su li@4主编 |
| 801 | 0 | @aCN@bQSSK@c20090621 |
| 905 | @b745457-59@dTP391.72@eL764@f3 | |
| AutoCAD 2007实用教程= Practical course for AutoCAD 2007/龙素丽主编.-天津:天津大学出版社,2008.09 |
| 165页:图;24cm.-(卓越系列·21世纪高职高专精品规划教材) |
| ISBN 978-7-5618-2782-6:CNY20.00 |
| 本书采用大量与机械制图密切相关的实例,用通俗的语言介绍了AutoCAD 2007的绘图命令、编辑命令、尺寸标注、文字标注、块创建、块插入等命令的使用方法和技巧。 |
| ● |
| 相关链接 |
|
|
|
正题名:AutoCAD 2007实用教程
索取号:TP391.72/L764
 
预约/预借
| 序号 | 登录号 | 条形码 | 馆藏地/架位号 | 状态 | 备注 |
| 1 | 745457 | 207454574 | 期刊室512/301自科库 68排7列2层/ [索取号:TP391.72/L764] | 在馆 | |
| 2 | 745458 | 207454583 | 期刊室512/301自科库 68排7列2层/ [索取号:TP391.72/L764] | 在馆 | |
| 3 | 745459 | 207454592 | 自科二线404/404自科库 13排1列3层/ [索取号:TP391.72/L764] | 在馆 |